| 000 | 00431nam a22001577a 4500 | ||
|---|---|---|---|
| 003 | OSt | ||
| 005 | 20211111152829.0 | ||
| 008 | 211111b |||||||| |||| 00| 0 eng d | ||
| 020 | _a90062 957 6 | ||
| 040 | _cHawassa University | ||
| 050 |
_a635/FRU _b2 |
||
| 082 |
_a635/FRU _b2 |
||
| 245 | _aFruit present and future volume 2 | ||
| 260 |
_aLondon _bThe royal horticultural society Vincent square _c1973 |
||
| 942 |
_2ddc _cBOOKS _n0 |
||
| 999 |
_c17751 _d17751 |
||